দ্য গড অব স্মল থিংস / (Record no. 23885)
[ view plain ]
| 000 -LEADER | |
|---|---|
| fixed length control field | 01129nam a2200265 a 4500 |
| 001 - CONTROL NUMBER | |
| control field | 23885 |
| 003 - CONTROL NUMBER IDENTIFIER | |
| rucl marc code | BD-RjUL |
| 005 - DATE AND TIME OF LATEST TRANSACTION | |
| control field | 20211209001001.0 |
| 008 - FIXED-LENGTH DATA ELEMENTS--GENERAL INFORMATION | |
| fixed length control field | 140312r20151999bg ||||e |||| 00| 0 ben d |
| 020 ## - INTERNATIONAL STANDARD BOOK NUMBER | |
| International Standard Book Number | 9789848088524 |
| 035 ## - SYSTEM CONTROL NUMBER | |
| System control number | (BD-RjUL)23950 |
| 040 ## - CATALOGING SOURCE | |
| Original cataloging agency | BD-RjUL |
| Language of cataloging | ben |
| Transcribing agency | BD-RjUL |
| 041 ## - LANGUAGE CODE | |
| Language code of text/sound track or separate title | ben |
| 082 ## - DEWEY DECIMAL CLASSIFICATION NUMBER | |
| Classification number | 823.914 |
| Edition number | 23 |
| Author mark and year | ROG 2012 |
| 100 ## - MAIN ENTRY--PERSONAL NAME | |
| Personal name | রায়, অরুন্ধতী |
| 9 (RLIN) | 73547 |
| 245 ## - TITLE STATEMENT | |
| Title | দ্য গড অব স্মল থিংস / |
| Statement of responsibility, etc. | অরুন্ধতী রায় ; অনুবাদ : আবীর হাসান. |
| 250 ## - EDITION STATEMENT | |
| Edition statement | ৩য় সংশো. সং. |
| 260 ## - PUBLICATION, DISTRIBUTION, ETC. (IMPRINT) | |
| Place of publication, distribution, etc. | ঢাকা : |
| Name of publisher, distributor, etc. | সন্দেশ , |
| Date of publication, distribution, etc. | c২০০৬ [প্রকাশ ২০১২, ২০১৫] |
| 300 ## - PHYSICAL DESCRIPTION | |
| Pagination | ৩০৪ পৃ:; |
| Size | ২১ সেমি. |
| 500 ## - GENERAL NOTE | |
| General note | "১৯৯৭ সালে বুকার পুরস্কার বিজয়ী উপন্যাস " |
| 650 ## - SUBJECT ADDED ENTRY--TOPICAL TERM | |
| Topical term or geographic name as entry element | ইংরেজী উপন্যাস |
| 9 (RLIN) | 120370 |
| Topical term or geographic name as entry element | English Fiction |
| 9 (RLIN) | 120371 |
| 700 ## - ADDED ENTRY--PERSONAL NAME | |
| Personal name | হাসান, আবীর, অনুবাদক |
| 942 ## - ADDED ENTRY ELEMENTS (KOHA) | |
| Source of classification or shelving scheme | Dewey Decimal Classification |
| Koha item type | Books |
| Lost status | Source of classification or shelving scheme | Damaged status | Not for loan | Collection code | Permanent Location | Current Location | Shelving location | Date acquired | Source of acquisition | Cost, normal purchase price | Total Checkouts | Full call number | Date last seen | Copy number | Koha item type | Total Renewals | Date checked out |
|---|---|---|---|---|---|---|---|---|---|---|---|---|---|---|---|---|---|
| Dewey Decimal Classification | Not For Loan | Fiction | Central Library, University of Rajshahi | Central Library, University of Rajshahi | Reading Room | 24/06/2013 | Sandesh, Dhaka | 330.00 | B 823.914 ROG 2012 | 12/03/2014 | C-1 | Books | |||||
| Dewey Decimal Classification | Fiction | Central Library, University of Rajshahi | Central Library, University of Rajshahi | 24/06/2013 | Sandesh,Dhaka | 330.00 | 40 | B 823.914 ROG 2012 | 07/11/2024 | C-2 | Books | 3 | 31/10/2024 | ||||
| Dewey Decimal Classification | Fiction | Central Library, University of Rajshahi | Central Library, University of Rajshahi | 24/06/2013 | Sandesh, Dhaka | 399.00 | 10 | B 823.914 ROG 2015 | 01/12/2021 | C-3 | Books | 28/02/2018 |